000 00369nam a2200133Ia 4500
008 240624s9999 xx 000 0 und d
041 _aeng
082 _a658.408 CRO
100 _aCROWTHER DAVID
245 _aINTERNATIONAL DIMENSIONS OF CORPORATE SOCIAL RESPONSIBILY
260 _c2005
_aHyderabad
_bICFAI press
300 _axi, : 151 : p. : cm. ; 24
365 _cRS
_b50
999 _c6573
_d6573